| 000 | 00456nam a2200169Ia 4500 | ||
|---|---|---|---|
| 003 | OSt | ||
| 005 | 20260316122412.0 | ||
| 008 | 211028s2015 xx 000 0 und d | ||
| 040 | _cAIMIT LIBRARY | ||
| 041 | _aeng | ||
| 100 |
_aD' Souza, Sonia;N, Hemalatha. _g121750 _94524 |
||
| 110 |
_aManimozhi R _94525 |
||
| 245 | _aNo Queue- Toll Tax Collection System / | ||
| 260 |
_aMangalore _c2015 |
||
| 710 |
_aITC Infotech India Ltd _94526 |
||
| 942 |
_2ddc _cPRO |
||
| 999 |
_c217599 _d217599 |
||